000 00571nam a2200205 i 4500
001 143014
003 ES-MaACL
005 20240223093201.0
007 t|
008 071011s1932 fr ||||1| fre d
100 1 _aVichniac, Marc.
_9114381
245 1 0 _aLenine /
_cMarc Vichniac.
260 _aParis :
_bArmand Colin,
_c1932 (
_fDurand Chartres)
300 _a266 p. ;
_c20 cm.
490 1 _aAmes et visages
600 1 4 _aLenin, Vladimir Il'ich,
_d1870-1924
_971523
830 0 _aAmes et visages
_9183584
852 _aES-MaACL
_jA-2266
999 _c143014
_d143014